=LDR 00000nam 2200000 4500 =001 INLIS000000000003053 =005 20250219090419 =035 ##$$a 0010-0225000343 =007 ta =008 250219################g##########0#ind## =082 ##$$a 304.66 =084 ##$$a 304.66 BAD p =245 1#$$a Panduan Tata Cara Penyajian Data Dan Informasi Hasil Pendataan Keluarga 2021 : $b Petunjuk Teknis Pembuatan Tabulasi /$c Badan Kependudukan dan Keluarga Berencana Nasional (Direktorat Pelaporan dan Statistik) =260 ##$$a Jakarta :$b BKKBN,$c 2020 =300 ##$$a v, 106 halaman : $b ilustrasi berwarna ; $c 29 cm =650 #4$$a Pendataan Keluarga =650 #4$$a kependudukan =110 2#$$a Badan Kependudukan dan Keluarga Berencana Nasional (Direktorat Pelaporan dan Statistik)